Länder Mittelamerikas und der Karibik - Karte - Statistiken

Allgemein
  • Dieses Quiz wurde 2.005 mal gespielt
  • Das Durchschnittsergebnis liegt bei 15 aus 20
Antworten auf der Karte
Die Antworten werden auf der Karte rot bzw. grün angezeigt, abhängig davon wie oft sie richtig erraten wurden.
 
Antwortstatistiken
Land % Korrekt
Panama
95%
Kuba
93%
Dominikanische Republik
87%
Haiti
87%
Jamaika
86%
Bahamas
85%
Costa Rica
85%
Honduras
85%
El Salvador
84%
Nicaragua
84%
Guatemala
82%
Belize
79%
Barbados
67%
St. Lucia
66%
Trinidad und Tobago
66%
St. Vincent und die Grenadinen
62%
St. Kitts und Nevis
61%
Dominica
60%
Antigua
58%
Grenada
58%
Keine übereinstimmenden Quizze gefunden
Verteilung der Resultate
Anzahl Personen mit jedem Resultat
Perzentil nach korrekt beantworteten Fragen
Ihre Resultats-Entwicklung
Sie haben dieses Quiz noch nicht gespielt